[Event "European Youth Chess Championship G12"]
[Site "Prague, Top Hotel Prague"]
[Date "2016.08.26"]
[Round "8.47"]
[White "Marthinussen, Emma Viktoria Li"]
[Black "Rolinkova, Lucie"]
[Result "0-1"]
[WhiteElo "1442"]
[BlackElo "1274"]
[PlyCount "84"]
[EventDate "2016.08.18"]

1. e4 d6 2. Nf3 Nf6 3. Nc3 g6 4. Bc4 Bg7 5. O-O Bg4 6. h3 Bxf3 7. Qxf3 c6 8. d4
e5 9. d5 O-O 10. Bg5 Nbd7 11. Rad1 Qc7 12. Bb3 h6 13. Bh4 g5 14. Bg3 Nc5 15.
Bc4 b5 16. Bd3 b4 17. Ne2 cxd5 18. exd5 e4 19. Bxe4 Nfxe4 20. b3 Qa5 21. Qe3 f5
22. Qc1 Qxa2 23. Bh2 Qa6 24. Rde1 Rac8 25. f4 Nxb3 26. Qd1 Nbd2 27. fxg5 Nxf1
28. Rxf1 hxg5 29. Qe1 Rxc2 30. Ng3 Nc3 31. Nxf5 Qe2 32. Qxe2 Nxe2+ 33. Kh1 Rxf5
34. Rxf5 Rc1+ 35. Bg1 Rxg1+ 36. Kh2 Be5+ 37. Rxe5 dxe5 38. h4 gxh4 39. Kh3 Nf4+
40. Kxh4 Rxg2 41. d6 Ne6 42. d7 b3 0-1

[Event "European Youth Chess Championship G12"]
[Site "Prague, Top Hotel Prague"]
[Date "2016.08.26"]
[Round "8.49"]
[White "Deleu, Ellen"]
[Black "Vavrinkova, Anna"]
[Result "0-1"]
[WhiteElo "1181"]
[BlackElo "1421"]
[PlyCount "100"]
[EventDate "2016.08.18"]

1. f4 d5 2. Nf3 Nf6 3. g3 g6 4. d3 Bg4 5. Bg2 c6 6. O-O Bg7 7. c3 Nbd7 8. Qb3
Qb6+ 9. Qxb6 axb6 10. h3 Be6 11. Ng5 Nc5 12. b4 Nb3 13. Bb2 Nxa1 14. Na3 Nc2
15. Nxc2 Rxa2 16. Rb1 Ra6 17. Nxe6 fxe6 18. e4 Nh5 19. Kh2 O-O 20. h4 dxe4 21.
Bxe4 e5 22. b5 cxb5 23. Bxb7 Ra7 24. Bd5+ Kh8 25. c4 bxc4 26. Bxc4 Rb7 27. Re1
exf4 28. Bxg7+ Kxg7 29. g4 Nf6 30. Be6 Rc7 31. Nd4 Nd7 32. Bxd7 Rxd7 33. Ne6+
Kg8 34. Nxf8 Kxf8 35. Rd1 e5 36. Kg2 e4 37. Kf2 Rxd3 38. Ke2 Rxd1 39. Kxd1 b5
40. Ke1 f3 41. Kd2 f2 42. Ke2 e3 43. g5 b4 44. h5 gxh5 45. Kf1 b3 46. g6 hxg6
47. Ke2 b2 48. Kf1 b1=Q+ 49. Ke2 f1=Q+ 50. Kxe3 Qbd3# 0-1

[Event "European Youth Chess Championship G12"]
[Site "Prague, Top Hotel Prague"]
[Date "2016.08.27"]
[Round "9.1"]
[White "Kirchei, Viktoriia"]
[Black "Caglar, Sila"]
[Result "0-1"]
[WhiteElo "1767"]
[BlackElo "1983"]
[PlyCount "112"]
[EventDate "2016.08.18"]

1. e4 c5 2. d3 Nc6 3. g3 d5 4. Nd2 Nf6 5. Bg2 g6 6. f4 dxe4 7. dxe4 Ng4 8. Nb3
Qxd1+ 9. Kxd1 Nf2+ 10. Ke1 Nxh1 11. Nxc5 Nxg3 12. hxg3 e5 13. Be3 Bg7 14. c3
O-O 15. f5 b6 16. Nd3 Bb7 17. g4 Rad8 18. Rd1 Ne7 19. Kf2 h5 20. gxh5 gxf5 21.
h6 Bf6 22. h7+ Kxh7 23. Ne2 f4 24. Bc1 Kg7 25. b3 Nc8 26. Bf3 Be7 27. Bb2 Bc5+
28. Ke1 Be3 29. c4 f6 30. Nc3 Rh8 31. Nd5 Bxd5 32. cxd5 Kf7 33. Bc1 Bg1 34. Bg4
Nd6 35. Be6+ Ke7 36. Nb4 Nxe4 37. Nc6+ Ke8 38. Nxd8 Kxd8 39. Kf1 Bc5 40. Kg2
Ke7 41. a3 a5 42. Re1 Ng5 43. Bg4 Kd6 44. Rd1 Rh4 45. Be2 Rh3 46. Rf1 Rxb3 47.
a4 Rg3+ 48. Kh2 Rh3+ 49. Kg2 f3+ 50. Bxf3 Rxf3 51. Rxf3 Nxf3 52. Kxf3 f5 53.
Ke2 Kxd5 54. Bd2 Kc4 55. Kf3 Kb3 56. Ke2 Kxa4 0-1

[Event "European Youth Chess Championship G12"]
[Site "Prague, Top Hotel Prague"]
[Date "2016.08.27"]
[Round "9.2"]
[White "Ziegenfuss, Antonia"]
[Black "Garifullina, Leya"]
[Result "0-1"]
[WhiteElo "1829"]
[BlackElo "1906"]
[PlyCount "80"]
[EventDate "2016.08.18"]

1. c4 e5 2. Nc3 Bb4 3. Nf3 Bxc3 4. bxc3 Nc6 5. g3 d6 6. d3 h6 7. Bg2 Nf6 8. O-O
O-O 9. h3 e4 10. Nd4 exd3 11. exd3 Nxd4 12. cxd4 d5 13. Re1 Be6 14. Ba3 Re8 15.
Rc1 c6 16. c5 Qa5 17. Qb3 Qa6 18. Bb4 Bf5 19. Bf1 Nd7 20. Bd2 Nf8 21. Be3 Re7
22. Rc3 Qa5 23. Rb1 Ng6 24. Qb2 Qc7 25. Rb3 Bc8 26. Bg2 f5 27. Qd2 f4 28. gxf4
Nh4 29. f3 Nxg2 30. Kxg2 Bf5 31. Rh1 Rae8 32. Re1 Bc8 33. Bf2 Rxe1 34. Bxe1 Qd7
35. Qf2 Qxh3+ 36. Kg1 Qf5 37. Bd2 Re6 38. Kf1 Qh3+ 39. Qg2 Qxg2+ 40. Kxg2 Re2+
0-1

[Event "European Youth Chess Championship G12"]
[Site "Prague, Top Hotel Prague"]
[Date "2016.08.27"]
[Round "9.3"]
[White "Krasteva, Beloslava"]
[Black "Mkrtchyan, Mariam"]
[Result "1/2-1/2"]
[WhiteElo "1996"]
[BlackElo "1720"]
[PlyCount "136"]
[EventDate "2016.08.18"]

1. d4 d6 2. c4 e5 3. dxe5 dxe5 4. Qxd8+ Kxd8 5. Nf3 f6 6. Nc3 Be6 7. b3 c6 8.
Bb2 Nd7 9. O-O-O Kc7 10. e3 Ne7 11. Be2 Ng6 12. h4 h5 13. Bd3 Ne7 14. Rd2 Nc5
15. Be2 Nf5 16. Rhd1 Nd6 17. Bf1 Bg4 18. Re1 Nde4 19. Nxe4 Nxe4 20. Rc2 Rd8 21.
Rd1 Bb4 22. a3 Be7 23. Rxd8 Rxd8 24. b4 b6 25. Bc3 a5 26. Kb2 Nxc3 27. Kxc3
axb4+ 28. axb4 Bxf3 29. gxf3 Rd1 30. Be2 Rh1 31. Ra2 Kb8 32. Rd2 Kc8 33. Bd3
Kc7 34. Bf5 Bd6 35. c5 bxc5 36. bxc5 Bxc5 37. Rd7+ Kb6 38. Rxg7 Rxh4 39. Rf7
Bb4+ 40. Kd3 Rh1 41. Rxf6 Bd6 42. Be4 Rc1 43. Kd2 Ba3 44. Rh6 Rc4 45. Rxh5 Bd6
46. Kd3 Rc1 47. Rh6 Bc7 48. Re6 Bb8 49. Rf6 Bc7 50. f4 exf4 51. exf4 Rd1+ 52.
Ke2 Rd6 53. Rf8 Rd8 54. Rf7 Bd6 55. f5 Rf8 56. Rd7 Be5 57. Re7 Bd4 58. Re6 Rf6
59. Bxc6 Rxe6+ 60. fxe6 Kxc6 61. f4 Kd6 62. f5 Ke7 63. Kd3 Bf6 64. Ke4 Bc3 65.
Kf4 Bf6 66. Kg4 Bc3 67. Kh5 Bf6 68. Kg6 Bc3 1/2-1/2

[Event "European Youth Chess Championship G12"]
[Site "Prague, Top Hotel Prague"]
[Date "2016.08.27"]
[Round "9.4"]
[White "Stepanyan, Eva"]
[Black "Dziatko, Evgeniya"]
[Result "1-0"]
[WhiteElo "1780"]
[BlackElo "1709"]
[PlyCount "71"]
[EventDate "2016.08.18"]

1. e4 c5 2. Nf3 Nc6 3. d4 cxd4 4. Nxd4 Nf6 5. Nc3 e5 6. Ndb5 d6 7. Bg5 a6 8.
Na3 b5 9. Nd5 Be6 10. Bxf6 gxf6 11. c4 b4 12. Nc2 a5 13. Bd3 Bg7 14. Qd2 Rb8
15. Nce3 Nd4 16. Bc2 Bh6 17. Ba4+ Kf8 18. Qd1 f5 19. exf5 Nxf5 20. Nxf5 Bxf5
21. Qf3 Qg5 22. Ne3 Be6 23. Rd1 Qe7 24. Nf5 Bxf5 25. Qxf5 Rd8 26. O-O Qh4 27.
c5 Rg8 28. Bb3 Rg7 29. Rxd6 Bf4 30. Rxd8+ Qxd8 31. Rd1 Bd2 32. c6 a4 33. Bxa4
Rg5 34. Qd7 Rxg2+ 35. Kxg2 Qg5+ 36. Kh1 1-0

[Event "European Youth Chess Championship G12"]
[Site "Prague, Top Hotel Prague"]
[Date "2016.08.27"]
[Round "9.5"]
[White "Rzali, Sabina"]
[Black "Wikar, Martyna"]
[Result "0-1"]
[WhiteElo "1719"]
[BlackElo "1803"]
[PlyCount "114"]
[EventDate "2016.08.18"]

1. e4 c5 2. Nf3 e6 3. d4 cxd4 4. Nxd4 a6 5. Bd3 Nf6 6. O-O Qc7 7. Qe2 d6 8. c4
Be7 9. Nc3 Nc6 10. Nxc6 bxc6 11. Rd1 O-O 12. h3 Bb7 13. Bc2 Rfd8 14. Bf4 e5 15.
Bg3 Rab8 16. Rab1 a5 17. b3 Nd7 18. f4 Bf6 19. f5 Nb6 20. Bf2 Ba6 21. Qg4 Qe7
22. Rd3 Nd7 23. Na4 c5 24. Nc3 Nb6 25. Nd5 Nxd5 26. Rxd5 Bb7 27. Rd3 Bc6 28. a4
Qb7 29. Re1 h6 30. Qf3 Bg5 31. h4 Bf6 32. g4 Qe7 33. Qh3 g6 34. Rf3 Kg7 35. Kg2
g5 36. Rh1 Rh8 37. Qh2 Qb7 38. Re3 Rbd8 39. Kf1 Qb4 40. Ke2 Qa3 41. Rd1 gxh4
42. Bxh4 Bg5 43. Bxg5 hxg5 44. Qg2 f6 45. Rh3 Qb2 46. Rd2 Rxh3 47. Qxh3 Rh8 48.
Qg2 Qc3 49. Kd1 Qa1+ 50. Ke2 Qc1 51. Bd1 Bxe4 52. Qf2 Rh3 53. Rxd6 Bf3+ 54.
Qxf3 Rxf3 55. Kxf3 Qf4+ 56. Kg2 e4 57. Re6 Qd2+ 0-1

[Event "European Youth Chess Championship G12"]
[Site "Prague, Top Hotel Prague"]
[Date "2016.08.27"]
[Round "9.6"]
[White "Yakimova, Mariya"]
[Black "Lehaci, Miruna-Daria"]
[Result "0-1"]
[WhiteElo "1818"]
[BlackElo "1860"]
[PlyCount "110"]
[EventDate "2016.08.18"]

1. e4 e6 2. d4 d5 3. Nc3 Nf6 4. Bg5 Bb4 5. Nge2 h6 6. Bxf6 Qxf6 7. a3 Bxc3+ 8.
Nxc3 c6 9. Qd2 O-O 10. O-O-O b5 11. e5 Qe7 12. f4 a5 13. g4 b4 14. Na4 bxa3 15.
b3 Nd7 16. f5 Qb4 17. Bh3 Rb8 18. Qxb4 axb4 19. fxe6 fxe6 20. g5 Re8 21. gxh6
g6 22. Rhg1 Kh7 23. Rdf1 Re7 24. Rf3 Kxh6 25. Bf1 Kg7 26. Bd3 Rf7 27. Rxg6+ Kf8
28. Rxf7+ Kxf7 29. Rg3 Bb7 30. Kb1 Rh8 31. h3 Rh4 32. Nc5 Bc8 33. Nxd7 Bxd7 34.
Rg4 Rxh3 35. Rf4+ Ke7 36. Rg4 Be8 37. Rg7+ Bf7 38. Bg6 Rf3 39. Bxf7 Rxf7 40.
Rg2 Rf4 41. Rd2 Kf7 42. Ka2 Kg6 43. Rd1 Kf5 44. c3 Rf2+ 45. Ka1 bxc3 46. Rc1 c2
47. Ka2 Ke4 48. Kxa3 Kxd4 49. Kb2 Kxe5 50. Re1+ Kd6 51. Rc1 e5 52. Rxc2 Rxc2+
53. Kxc2 Kc5 54. Kd3 Kb4 55. Kc2 e4 0-1

[Event "European Youth Chess Championship G12"]
[Site "Prague, Top Hotel Prague"]
[Date "2016.08.27"]
[Round "9.7"]
[White "Anghel, Maria"]
[Black "Dylag, Emilia"]
[Result "1/2-1/2"]
[WhiteElo "1821"]
[BlackElo "1792"]
[PlyCount "60"]
[EventDate "2016.08.18"]

1. d4 c5 2. d5 Nf6 3. c4 b5 4. e3 g6 5. Nf3 Bg7 6. Be2 Qb6 7. O-O bxc4 8. Bxc4
Ba6 9. Bxa6 Nxa6 10. Nc3 O-O 11. e4 d6 12. Rb1 Rab8 13. Be3 Rb7 14. Nd2 Nd7 15.
Qe2 Rfb8 16. Rfc1 Nc7 17. b3 Nb5 18. Nxb5 Qxb5 19. Nc4 Nb6 20. g3 Qa6 21. Rc2
Nxc4 22. Qxc4 Qxc4 23. Rxc4 Rb6 24. Rbc1 h5 25. Kf1 Kf8 26. Ke2 Ke8 27. Kd3 Kd7
28. f4 Ra6 29. R1c2 Rab6 30. Rc1 Ra6 1/2-1/2

[Event "European Youth Chess Championship G12"]
[Site "Prague, Top Hotel Prague"]
[Date "2016.08.27"]
[Round "9.8"]
[White "Zeliantsova, Kseniya"]
[Black "Juhasz, Judit"]
[Result "1-0"]
[WhiteElo "1723"]
[BlackElo "1927"]
[PlyCount "103"]
[EventDate "2016.08.18"]

1. e4 c5 2. Nf3 g6 3. Bc4 Bg7 4. c3 d6 5. d4 cxd4 6. cxd4 Nf6 7. Nc3 O-O 8. h3
Qc7 9. Be2 Nbd7 10. O-O Rd8 11. Be3 a6 12. Rc1 Qb8 13. e5 Ne8 14. Nd5 e6 15.
Bg5 f6 16. exf6 Bxf6 17. Bxf6 Ndxf6 18. Nb6 Ra7 19. Ng5 Ng7 20. Qb3 d5 21. Nxc8
Rxc8 22. Qb6 Ra8 23. Nxe6 Rxc1 24. Rxc1 Nd7 25. Qc7 Qxc7 26. Nxc7 Rc8 27. Rc3
Nb6 28. Nxd5 Rxc3 29. Nxc3 Nf5 30. Bf3 Nd6 31. b3 Kf7 32. Ne4 Nbc8 33. Nc5 Nb5
34. Bxb7 Ncd6 35. Bxa6 Nxd4 36. f3 Nc2 37. Nd3 Ke6 38. b4 Na3 39. Kf2 Kd5 40.
Ke3 Nf5+ 41. Kd2 Kd4 42. b5 Nc4+ 43. Kc2 Nfe3+ 44. Kc1 Nxg2 45. Nb2 Ne5 46. a4
Kc5 47. a5 Nd7 48. Bc8 Nb8 49. a6 Nxa6 50. bxa6 Kb6 51. Nc4+ Ka7 52. Kd2 1-0

[Event "European Youth Chess Championship G12"]
[Site "Prague, Top Hotel Prague"]
[Date "2016.08.27"]
[Round "9.9"]
[White "Murzina, Agata"]
[Black "Levitan, Ronit"]
[Result "0-1"]
[WhiteElo "1651"]
[BlackElo "1793"]
[PlyCount "126"]
[EventDate "2016.08.18"]

1. e4 e5 2. Nf3 Nc6 3. Nc3 Nf6 4. Bb5 Bb4 5. d3 d6 6. h3 h6 7. Bd2 Be6 8. a3
Ba5 9. Qe2 a6 10. Bc4 Bb6 11. Be3 Bxe3 12. Qxe3 Ne7 13. Bxe6 fxe6 14. d4 exd4
15. Nxd4 Qd7 16. Qg3 O-O-O 17. O-O-O e5 18. Nb3 Qe6 19. Qe3 Kb8 20. Rd2 Rhf8
21. Rhd1 Nd7 22. Kb1 Nb6 23. Qe2 Ng6 24. Nc5 Qg8 25. Qg4 Nf4 26. g3 h5 27. Qg5
Nc4 28. Nxa6+ bxa6 29. gxf4 Nxd2+ 30. Rxd2 Rxf4 31. Qxh5 Qc4 32. Qg5 Rdf8 33.
Qg1 Rf3 34. Qg2 g5 35. Qg4 Rxf2 36. Rd3 Rf1+ 37. Nd1 Qg8 38. Qd7 Qc4 39. Qg4
R1f4 40. Qd7 Qf7 41. Qc6 Ka7 42. b3 Rb8 43. Kb2 Rb6 44. Qa4 Rf3 45. Rd5 Rxh3
46. Nc3 g4 47. Ra5 Rxc3 48. Kxc3 g3 49. Rd5 g2 50. Rd1 Qf3+ 51. Rd3 Qxd3+ 52.
Kxd3 g1=Q 53. Kc3 Qe3+ 54. Kb2 Qc5 55. Qd7 Rc6 56. c4 Rb6 57. Kc2 Qxa3 58.
Qxc7+ Rb7 59. Qc6 Qxb3+ 60. Kd2 Qb2+ 61. Ke1 Qc3+ 62. Kf2 Rb2+ 63. Kg1 Qc1# 0-1

[Event "European Youth Chess Championship G12"]
[Site "Prague, Top Hotel Prague"]
[Date "2016.08.27"]
[Round "9.10"]
[White "Mironenko, Galina"]
[Black "Bellahcene, Sofia"]
[Result "1/2-1/2"]
[WhiteElo "1769"]
[BlackElo "1603"]
[PlyCount "60"]
[EventDate "2016.08.18"]

1. e4 c5 2. Nf3 Nc6 3. d4 cxd4 4. Nxd4 g6 5. c4 Nf6 6. Nc3 Nxd4 7. Qxd4 d6 8.
Be2 Bg7 9. Bg5 O-O 10. Qd2 Bd7 11. O-O Bc6 12. f3 a5 13. a4 Nd7 14. Be3 Nc5 15.
Bd1 Na6 16. Re1 Nb4 17. Na2 Nxa2 18. Rxa2 Rc8 19. Bb3 Bd7 20. Raa1 Be6 21. Rac1
Rc6 22. Re2 Qc7 23. Qd3 Rc8 24. Rec2 Rd8 25. Rd1 Rc8 26. Rdc1 Rd8 27. Rd1 Rc8
28. Rdc1 Rd8 29. Ba2 Rc8 30. Bb3 Rd8 1/2-1/2

[Event "European Youth Chess Championship G12"]
[Site "Prague, Top Hotel Prague"]
[Date "2016.08.27"]
[Round "9.11"]
[White "Somton, Anita"]
[Black "Goraj, Barbara"]
[Result "0-1"]
[WhiteElo "1753"]
[BlackElo "1619"]
[PlyCount "86"]
[EventDate "2016.08.18"]

1. d4 Nf6 2. c4 g6 3. Nc3 Bg7 4. e4 d6 5. Bd3 O-O 6. Nge2 c5 7. d5 e6 8. O-O
exd5 9. cxd5 Nbd7 10. Bc2 a6 11. a4 b6 12. Bf4 Qe7 13. Qc1 Re8 14. f3 Ne5 15.
Rb1 Qc7 16. b3 Rb8 17. Qd2 b5 18. axb5 axb5 19. Bxe5 Rxe5 20. b4 Re8 21. Kh1 c4
22. Nd4 Bd7 23. Ra1 Qb6 24. Rad1 Ra8 25. Qf2 Reb8 26. h3 Nh5 27. Nce2 Ra2 28.
g4 Nf6 29. Rb1 Re8 30. Nc3 Ra6 31. Rbd1 Rb8 32. Kg2 Qa7 33. f4 Ra3 34. Nce2 Re8
35. Ng3 h5 36. gxh5 Nxh5 37. Nde2 Qxf2+ 38. Rxf2 Nxg3 39. Nxg3 Bc3 40. Rb1 Bd4
41. Re2 Kg7 42. f5 gxf5 43. exf5 Rxg3+ 0-1

[Event "European Youth Chess Championship G12"]
[Site "Prague, Top Hotel Prague"]
[Date "2016.08.27"]
[Round "9.12"]
[White "Karavitaki, Evaggelia"]
[Black "Tamrazyan, Gohar"]
[Result "1-0"]
[WhiteElo "1581"]
[BlackElo "1741"]
[PlyCount "83"]
[EventDate "2016.08.18"]

1. e4 e6 2. d4 d5 3. e5 c5 4. c3 Nc6 5. Nf3 Qb6 6. a3 cxd4 7. cxd4 Bd7 8. b4
Rc8 9. Bb2 Nh6 10. Nc3 Na5 11. Na4 Qc6 12. Nc5 Nc4 13. Bc1 Nf5 14. Bd3 a5 15.
Nxd7 Qxd7 16. bxa5 Nxa5 17. Bd2 Nc4 18. Bxf5 exf5 19. Qb3 Rc6 20. O-O Rb6 21.
Qd3 Nxd2 22. Qxd2 Be7 23. Rfc1 O-O 24. Rc3 Ra6 25. Qc2 Rfa8 26. Rc7 Qe8 27.
Rxb7 Rxa3 28. Rxa3 Rxa3 29. h3 g6 30. Qc7 Bd8 31. Qd6 Ra8 32. Qxd5 Qe6 33. Qb5
Ra5 34. Qb4 Kg7 35. Rb8 Ra1+ 36. Kh2 Be7 37. Qb5 Bf8 38. d5 Qa6 39. Qe8 Bc5 40.
Ng5 Kh6 41. Nxf7+ Kh5 42. Qh8 1-0

[Event "European Youth Chess Championship G12"]
[Site "Prague, Top Hotel Prague"]
[Date "2016.08.27"]
[Round "9.13"]
[White "Vorobyova, Ekaterina"]
[Black "Smetisko, Lucija"]
[Result "0-1"]
[WhiteElo "1686"]
[BlackElo "1555"]
[PlyCount "134"]
[EventDate "2016.08.18"]

1. e4 e5 2. d4 exd4 3. Qxd4 Nc6 4. Qe3 Nf6 5. Nc3 Bb4 6. Bd2 O-O 7. O-O-O Re8
8. Bc4 Bxc3 9. Bxc3 Nxe4 10. Qf4 Nf6 11. Bxf6 Qxf6 12. Qxc7 Qxf2 13. Nh3 Qe3+
14. Kb1 Qe5 15. Qxe5 Nxe5 16. Rhe1 Kf8 17. Bb3 f6 18. Nf4 b6 19. Nd5 Rb8 20.
Nc7 Re7 21. Nd5 Re6 22. Nc7 Rc6 23. Nb5 Ba6 24. Nd6 Rd8 25. Nf5 Bc4 26. Nd4
Rcc8 27. Bxc4 Rxc4 28. Ne6+ dxe6 29. Rxd8+ Ke7 30. Ra8 Rc7 31. h3 Nc6 32. Re3
e5 33. Rg3 g6 34. Rh8 Ke6 35. Rc3 f5 36. b4 a6 37. Ra8 Kd7 38. Rxa6 Nxb4 39.
Rxc7+ Kxc7 40. Ra7+ Kd6 41. Rxh7 e4 42. a3 Nd5 43. Kc1 e3 44. Rg7 Ne7 45. Kd1
f4 46. Rf7 Nd5 47. Ke1 Ke6 48. Rf8 g5 49. c4 Nf6 50. Rb8 Nd7 51. Rg8 Kf6 52.
Ke2 Ne5 53. Rc8 Ke6 54. g3 Kf5 55. c5 bxc5 56. Rxc5 Ke4 57. gxf4 gxf4 58. Rxe5+
Kxe5 59. a4 Ke4 60. a5 f3+ 61. Kf1 e2+ 62. Kf2 Kd3 63. a6 Kd2 64. a7 e1=Q+ 65.
Kxf3 Qe3+ 66. Kg4 Qxa7 67. h4 Qh7 0-1

[Event "European Youth Chess Championship G12"]
[Site "Prague, Top Hotel Prague"]
[Date "2016.08.27"]
[Round "9.14"]
[White "Sleurs, Juliette"]
[Black "Toth, Nikoletta"]
[Result "1-0"]
[WhiteElo "1479"]
[BlackElo "1668"]
[PlyCount "93"]
[EventDate "2016.08.18"]

1. Nf3 d5 2. g3 c5 3. Bg2 Nc6 4. d4 cxd4 5. Nxd4 e5 6. Nxc6 bxc6 7. c4 Be6 8.
Qa4 Qd7 9. Nc3 Rd8 10. O-O h6 11. Rd1 Nf6 12. Be3 Be7 13. Ne4 O-O 14. Nxf6+
Bxf6 15. Qxa7 Qxa7 16. Bxa7 Ra8 17. cxd5 cxd5 18. Bc5 Rfc8 19. Bxd5 Bxd5 20.
Rxd5 e4 21. Bd4 Rc2 22. Bxf6 gxf6 23. Rb5 Rxe2 24. Kf1 Rc2 25. Ke1 Kg7 26. a4
Kg6 27. a5 e3 28. fxe3 Rxh2 29. Rd1 Rc8 30. Rbd5 Rxb2 31. R5d2 Rxd2 32. Kxd2
Ra8 33. Ra1 Ra6 34. Kd3 Kf5 35. Kc4 Ke6 36. Kb5 Ra8 37. a6 Kd7 38. a7 Kc7 39.
Ka6 Kc6 40. Rc1+ Kd5 41. Kb7 Rxa7+ 42. Kxa7 Ke4 43. Rf1 f5 44. Rf4+ Ke5 45. Kb6
f6 46. Kc5 h5 47. Rh4 1-0

[Event "European Youth Chess Championship G12"]
[Site "Prague, Top Hotel Prague"]
[Date "2016.08.27"]
[Round "9.15"]
[White "Ozbek, Busra"]
[Black "Tryggestad, Linnea Garberg"]
[Result "1-0"]
[WhiteElo "1660"]
[BlackElo "1528"]
[PlyCount "119"]
[EventDate "2016.08.18"]

1. e4 c6 2. d4 d5 3. exd5 cxd5 4. Bd3 Nc6 5. c3 Nf6 6. Bf4 Bg4 7. Qb3 Na5 8.
Qa4+ Bd7 9. Qc2 Rc8 10. Nf3 e6 11. Nbd2 Be7 12. O-O O-O 13. h3 h6 14. Ne5 Nc6
15. Qd1 Nxe5 16. dxe5 Ne8 17. Qg4 Bg5 18. Bxg5 Qxg5 19. Qxg5 hxg5 20. Nf3 f6
21. Rfe1 Kf7 22. Nd4 Nc7 23. Re2 Rh8 24. Rae1 Rh6 25. c4 Rch8 26. exf6 Rxf6 27.
Nf3 Rh5 28. Re5 dxc4 29. Bxc4 b5 30. Bb3 Kg6 31. Rc5 Na6 32. Ne5+ Kh7 33. Bc2+
Kg8 34. Nxd7 Nxc5 35. Nxc5 Rhh6 36. Ne4 Rf5 37. Ng3 Rd5 38. Bb3 Rd2 39. Re2
Rxe2 40. Nxe2 Kf7 41. Nd4 a6 42. Nf3 Kf6 43. Nh2 Rh8 44. Ng4+ Ke7 45. Kf1 Rc8
46. Ke2 a5 47. a4 b4 48. Ne5 Rc5 49. Nc4 Kf7 50. Nd6+ Ke7 51. Ne4 Re5 52. f3
Kf7 53. g4 Rxe4+ 54. fxe4 Kf6 55. Ke3 Ke5 56. Bc2 Kd6 57. Kd4 e5+ 58. Kc4 Kc6
59. b3 g6 60. Bd3 1-0

[Event "European Youth Chess Championship G12"]
[Site "Prague, Top Hotel Prague"]
[Date "2016.08.27"]
[Round "9.16"]
[White "Pisova, Petra"]
[Black "Allahverdiyeva, Ayan"]
[Result "0-1"]
[WhiteElo "1555"]
[BlackElo "1886"]
[PlyCount "86"]
[EventDate "2016.08.18"]

1. e4 e6 2. d4 d5 3. exd5 exd5 4. Bd3 Bd6 5. Nc3 Ne7 6. Nge2 Nbc6 7. O-O Nb4 8.
Nb5 Nxd3 9. Nxd6+ Qxd6 10. Qxd3 Bf5 11. Qb5+ Qc6 12. Qxc6+ Nxc6 13. c3 O-O-O
14. Bf4 h6 15. Bg3 g5 16. h3 Bd3 17. Rfe1 Rhe8 18. Kf1 Re6 19. Rad1 Bb5 20. b3
Rde8 21. Rd2 f5 22. f3 f4 23. Bf2 Ne7 24. Rc2 Bd3 25. Rd2 Ba6 26. Rc2 Bd3 27.
Rd2 Ba6 28. Rc2 Nc6 29. a4 b6 30. b4 Bc4 31. Rb2 a5 32. b5 Ne7 33. Bg1 Kd7 34.
Kf2 Nf5 35. Bh2 Ng3 36. Bxg3 fxg3+ 37. Kf1 h5 38. Rd2 h4 39. Ra2 Re3 40. Rd2
Rxc3 41. Ra1 Rxe2 42. Rxe2 Rc2 43. Rae1 Ra2 0-1

[Event "European Youth Chess Championship G12"]
[Site "Prague, Top Hotel Prague"]
[Date "2016.08.27"]
[Round "9.17"]
[White "Zarebska, Lena"]
[Black "Portnoy, Noam"]
[Result "1-0"]
[WhiteElo "1522"]
[BlackElo "1710"]
[PlyCount "49"]
[EventDate "2016.08.18"]

1. e4 c5 2. Nf3 Nc6 3. d4 cxd4 4. Nxd4 g6 5. Nc3 Bg7 6. Be3 Nf6 7. Nxc6 bxc6 8.
e5 Ng8 9. f4 Nh6 10. Bd3 Qa5 11. O-O Ba6 12. Bxa6 Qxa6 13. Ne4 Rd8 14. Ng3 O-O
15. f5 Qa5 16. f6 exf6 17. exf6 Rfe8 18. Bd2 Qc5+ 19. Kh1 Qd4 20. fxg7 Ng4 21.
Qf3 Ne5 22. Qc3 Qh4 23. Rf4 Qe7 24. Raf1 d5 25. Be3 1-0

[Event "European Youth Chess Championship G12"]
[Site "Prague, Top Hotel Prague"]
[Date "2016.08.27"]
[Round "9.18"]
[White "Adamczyk, Zuzanna"]
[Black "Kostina, Veronika"]
[Result "1-0"]
[WhiteElo "1672"]
[BlackElo "1309"]
[PlyCount "107"]
[EventDate "2016.08.18"]

1. e4 c5 2. Nf3 e6 3. d4 cxd4 4. Nxd4 Nf6 5. Nc3 Nc6 6. Ndb5 Bb4 7. a3 Bxc3+ 8.
Nxc3 d5 9. exd5 exd5 10. Bd3 O-O 11. O-O d4 12. Ne2 Bg4 13. f3 Bh5 14. Nf4 Bg6
15. Nxg6 hxg6 16. f4 Qb6 17. Qf3 Ne7 18. Kh1 Rfe8 19. Bd2 Ned5 20. b3 Qc6 21.
Rae1 Ne3 22. Bxe3 dxe3 23. Rxe3 Qxf3 24. Rfxf3 Nd5 25. Rxe8+ Rxe8 26. Rf1 Re7
27. Kg1 Kf8 28. g3 Ke8 29. Bb5+ Kf8 30. Rd1 Nc7 31. Rd8+ Ne8 32. Bxe8 Rxe8 33.
Rxe8+ Kxe8 34. Kf2 Ke7 35. Ke3 Kd6 36. Kd4 f6 37. c4 a5 38. b4 b6 39. bxa5 bxa5
40. c5+ Kc6 41. a4 g5 42. fxg5 fxg5 43. g4 Kc7 44. Kd5 Kd7 45. c6+ Kc7 46. Kc5
Kc8 47. Kb6 Kb8 48. Kxa5 g6 49. Kb6 Ka8 50. a5 Kb8 51. c7+ Kc8 52. a6 Kd7 53.
Kb7 Kd6 54. c8=Q 1-0

[Event "European Youth Chess Championship G12"]
[Site "Prague, Top Hotel Prague"]
[Date "2016.08.27"]
[Round "9.19"]
[White "Bolu, Yagmur"]
[Black "Marcinczyk, Monika"]
[Result "1-0"]
[WhiteElo "1510"]
[BlackElo "1609"]
[PlyCount "113"]
[EventDate "2016.08.18"]

1. d4 Nf6 2. Bf4 g6 3. e3 Bg7 4. Nf3 d5 5. h3 c5 6. c3 Nc6 7. Nbd2 Nd7 8. Be2
e5 9. dxe5 Ndxe5 10. Nxe5 Nxe5 11. Nb3 b6 12. Bb5+ Bd7 13. Bxe5 Bxb5 14. Bxg7
Rg8 15. Be5 f6 16. Bg3 Qd7 17. Qf3 Kf7 18. O-O-O Bc6 19. e4 d4 20. cxd4 cxd4
21. Rxd4 Qe6 22. Qd3 Rac8 23. Kb1 a6 24. f3 Bb5 25. Qd2 Kg7 26. Rd6 Qc4 27. Rc1
Qe2 28. Qxe2 Bxe2 29. Rd7+ Kh6 30. Rcc7 Rxc7 31. Bxc7 Bf1 32. Rd2 b5 33. Nc1
Rc8 34. Bb6 Kg5 35. b3 b4 36. Be3+ Kh4 37. Bf2+ Kg5 38. Be3+ Kh4 39. Rf2 Bb5
40. Ne2 Bd3+ 41. Ka1 g5 42. Nd4 Kh5 43. Nf5 Rc7 44. Kb2 Kg6 45. Rd2 Bb5 46. Bb6
Rb7 47. Rd6 Bf1 48. Ne3 Be2 49. Nd5 Rf7 50. Bd4 Bf1 51. Ne3 Be2 52. Bc5 a5 53.
Bb6 a4 54. bxa4 h6 55. a5 h5 56. Bd4 Bb5 57. a6 1-0

[Event "European Youth Chess Championship G12"]
[Site "Prague, Top Hotel Prague"]
[Date "2016.08.27"]
[Round "9.20"]
[White "Khachatryan, Nadezhda"]
[Black "Mihailova, Alina"]
[Result "0-1"]
[WhiteElo "1507"]
[BlackElo "1579"]
[PlyCount "80"]
[EventDate "2016.08.18"]

1. e4 d5 2. exd5 Nf6 3. d4 Bg4 4. Nf3 Qxd5 5. Nc3 Qh5 6. Be2 Nc6 7. O-O O-O-O
8. h3 Nxd4 9. Nxd4 Bxe2 10. Ncxe2 e5 11. c3 exd4 12. cxd4 g5 13. Qc2 g4 14. Nf4
Qb5 15. a4 Qd7 16. a5 a6 17. Be3 Rg8 18. Rfc1 gxh3 19. Nxh3 Bd6 20. Kh1 Qg4 21.
Rg1 Nh5 22. Qd2 f5 23. Bg5 Rde8 24. Qd1 Rxg5 25. Nxg5 Qxg5 26. g3 f4 27. g4 f3
28. Qxf3 Rf8 29. Qh3 Nf4 30. Qh2 Qd5+ 31. Rg2 Nxg2 32. Qxg2 Qxd4 33. f3 Qd5 34.
Rf1 Qxa5 35. Qc2 h5 36. Rd1 hxg4 37. Rxd6 Qe1+ 38. Kh2 Qe5+ 39. Kg2 gxf3+ 40.
Kf2 Qh2+ 0-1

[Event "European Youth Chess Championship G12"]
[Site "Prague, Top Hotel Prague"]
[Date "2016.08.27"]
[Round "9.21"]
[White "Maciulaityte, Barbora"]
[Black "Guillo, Longares Cecilia"]
[Result "1-0"]
[WhiteElo "1505"]
[BlackElo "1845"]
[PlyCount "91"]
[EventDate "2016.08.18"]

1. e4 c5 2. c3 Nf6 3. e5 Nd5 4. d4 cxd4 5. cxd4 Nc6 6. Nf3 d6 7. Bc4 Nb6 8. Bb5
d5 9. O-O Bd7 10. Nc3 e6 11. Ng5 h6 12. Bxc6 bxc6 13. Qh5 g6 14. Qh3 Be7 15.
Nf3 h5 16. Ne1 c5 17. dxc5 Bxc5 18. Nd3 Be7 19. f4 Kf8 20. Ne2 Kg7 21. Nd4 Na4
22. b3 Nc5 23. Bb2 Ne4 24. f5 gxf5 25. Nxf5+ Kf8 26. Nd4 Ng5 27. Qe3 h4 28. Nf4
Ke8 29. Qe2 Bc5 30. Kh1 Qb6 31. Rad1 Ke7 32. Nf5+ Kd8 33. Nd6 Bc6 34. Qg4 Rg8
35. Nxf7+ Kc8 36. Nxg5 Kb7 37. Nfxe6 Ka6 38. a4 Bb4 39. Qe2+ Ka5 40. Bd4 Qb8
41. Nc5 Qc8 42. Nd3 Rb8 43. Nxb4 Rxb4 44. Bc3 Rxg5 45. Bxb4+ Kb6 46. Qe3+ 1-0